000 00334nam a22001337a 4500
005 20230720160922.0
008 230720b ||||| |||| 00| 0 eng d
040 _cAL
041 _aeng
100 _aKapoor N D
_9127993
245 _aHand book of industrial law
260 _aNew Delhi
_bSultan Chand & Sons
_c2002
942 _2ddc
_cBK
999 _c228028
_d228028